| 000 | 00516nam a22001817a 4500 | ||
|---|---|---|---|
| 999 |
_c10065 _d10065 |
||
| 003 | AR-CdUCM | ||
| 008 | 190329b ||||| |||| 00| 0 spa d | ||
| 040 |
_aMUNICIPALIDAD PROVINCIAL DEL CUSCO _cBIBLIOTECA MUNICIPAL DEL CUSCO |
||
| 082 |
_aEP / 800 / _bM77 |
||
| 100 |
_aMonte, Alfredo _926701 |
||
| 245 | _aJuarez / | ||
| 260 |
_aBuenos Aires , _bAtlanta, _c1952. |
||
| 300 |
_a119 páginas ; _c17 cm. |
||
| 440 |
_aBiblioteca Billiken _9765 |
||
| 650 |
_aLiteratura. _983 |
||
| 942 |
_2ddc _cLIBROS |
||
| 945 | _awfj | ||